| 000 | 00720nam a22002177a 4500 | ||
|---|---|---|---|
| 005 | 20100804104059.0 | ||
| 010 | _aENG-98061 | ||
| 020 |
_a8183243487 _c650.00 |
||
| 035 | _aEN-81594 | ||
| 037 | _bDBAD/PUB | ||
| 082 | _a307.772954 | ||
| 245 |
_aDalits and tribes of India / _cedited by J Cyril Kanmony |
||
| 260 |
_aNew Delhi _bMittal Publications _c2010 |
||
| 270 |
_a4594/9 Daryaganj _bNew Delhi _e110002 |
||
| 300 |
_axix,240p _c21cm(Hb) |
||
| 500 | _aIncludes index | ||
| 700 |
_aKanmony,J Cyril _95671 |
||
| 700 | _95672 | ||
| 942 |
_2ddc _cEN _h307772954 _mDAL |
||
| 999 |
_c39098 _d39098 |
||